000 00524nab a2200145Ia 4500
003 ES-SlBCS
005 20210601133738.0
008 140529s2004 xxu||||| |||| 00| 0 por d
041 _apor
100 1 _aAlvarenga Turini, Leide
_9209124
245 0 2 _aA crítica da história linear e da idéia de progresso: um diálogo com Walter Benjamin e Edward Thompson
_c Leide Alvarenga Turini
650 0 4 _aHistoria Lineal
_9209125
773 0 _tEducaçao e Filosofia
_gvol. 18, nº. 35-36, 2004, págs. 93-125
_wRev1534
942 _cAR
999 _c601451
_d601451